Labour and the Soviet state: an IRIS survey of trade unions in the communist state (Record no. 370285)

000 -LEADER
fixed length control field 00367cam a22001097a 4500
008 - FIXED-LENGTH DATA ELEMENTS--GENERAL INFORMATION
fixed length control field 180718b1957 xxu||||| |||| 00| 0 eng d
082 ## - DEWEY DECIMAL CLASSIFICATION NUMBER
Classification number R8x47 In2
245 ## - TITLE STATEMENT
Title Labour and the Soviet state: an IRIS survey of trade unions in the communist state
260 ## - PUBLICATION, DISTRIBUTION, ETC.
Place of publication, distribution, etc. London
Name of publisher, distributor, etc. Industrial Research and Information Services
Date of publication, distribution, etc. 1957
300 ## - PHYSICAL DESCRIPTION
Extent 20p.
650 ## - SUBJECT ADDED ENTRY--TOPICAL TERM
Topical term or geographic name entry element Labour Unions - USSR
Holdings
Withdrawn status Lost status Damaged status Not for loan Permanent Location Current Location Date acquired Full call number Barcode Date last seen Price effective from Koha item type
        Indian Institute of Public Administration Indian Institute of Public Administration 1994-06-04 R8x47 In2 14493 2018-07-21 2018-07-21 Book

Powered by Koha